Atlas de Cundinamarca (Registro nro. 6712)
[ vista simple ]
| 000 -CABECERA | |
|---|---|
| Campo de control | 00326nam a2200133 a 4500 |
| 020 ## - ISBN | |
| ISBN | 9789588323060 |
| 090 ## - CLASIFICACIÓN LOCAL | |
| Colección | RE |
| Consecutivo | 00038 |
| 041 ## - IDIOMA | |
| Código de idioma para texto/pista de sonido o título separado | Español |
| 245 ## - MENCION DE TITULO | |
| Título | Atlas de Cundinamarca |
| 260 ## - PUBLICACION, DISTRIBUCION, ETC. (PIE DE IMPRENTA) | |
| Lugar de publicación, distribución, etc. | Bogotá |
| Nombre del editor, distribuidor, etc. | Instituto Geográfico Agustín Codazzi |
| Fecha de publicación, distribución, etc. | 2007 |
| 300 ## - DESCRIPCION FISICA | |
| Extensión | 201 p. |
| 662 ## - ASIENTO SECUNDARIO DE MATERIA - JERARQUIA DEL NOMBRE DE LUGAR( | |
| País o entidad mayor | Colombia |
| Jurisdicción política de primer orden | Cundinamarca |
| 942 ## - ELEMENTOS ADICIONALES (KOHA) | |
| Tipo de ítem | |
| Koha issues (borrowed), all copies | 1 |
| Withdrawn status | Lost status | Sistema de Clasificación | Damaged status | No para préstamo | Colección | Ubicación Permanente | Ubicación actual | Fecha de adquisición | Total Checkouts | Número topográfico | Inventario / Código de Barras | Date last seen | Date checked out | Ejemplar | Price effective from | Forma de adquisición | Tipo de material |
|---|---|---|---|---|---|---|---|---|---|---|---|---|---|---|---|---|---|
| Local | Referencia | Bogotá | Bogotá | 04/12/2008 | 1 | RE-00038 | 026619 | 09/04/2014 | 09/04/2014 | Ej.1 | 04/12/2012 | Referencia |